| 000 | 00404nam a2200169 4500 | ||
|---|---|---|---|
| 020 | _a9789389445329 | ||
| 082 |
_aM301 _bMAT/C |
||
| 100 | _aMathews P F | ||
| 245 |
_aChila pracheena vikarangal/ _cby Mathews P F |
||
| 250 | _a2 | ||
| 260 |
_aKottayam: _bD C Books _c2020. |
||
| 300 | _a112p. | ||
| 650 | _aStories Malayalam | ||
| 650 | _aLiterature Malayalam | ||
| 650 | _aLiterature | ||
| 942 | _cBK | ||
| 999 |
_c181543 _d181543 |
||